The small entrepreneur (Record no. 3151)

MARC details
000 -LEADER
fixed length control field 00490 a2200169 4500
000 - LEADER
fixed length control field BKB
001 - CONTROL NUMBER
control field 069607
005 - DATE AND TIME OF LATEST TRANSACTION
control field 20200902150324.0
008 - FIXED-LENGTH DATA ELEMENTS--GENERAL INFORMATION
fixed length control field
082 ## - DEWEY DECIMAL CLASSIFICATION NUMBER
Classification number 658.11
Item number R13S
100 1# - MAIN ENTRY--PERSONAL NAME
Personal name Raju, B. Yerram
245 1# - TITLE STATEMENT
Title The small entrepreneur
Statement of responsibility, etc by B. Yerram Raju and Ram R. Pujari
260 ## - PUBLICATION, DISTRIBUTION, ETC. (IMPRINT)
Place of publication, distribution, etc New Delhi
Name of publisher, distributor, etc Excel Books
Date of publication, distribution, etc 2009
300 ## - PHYSICAL DESCRIPTION
Extent 305p.
690 ## - LOCAL SUBJECT ADDED ENTRY--TOPICAL TERM (OCLC, RLIN)
Topical term or geographic name as entry element New business enterprises; Small business; India
700 ## - ADDED ENTRY--PERSONAL NAME
Personal name Pujari, Ram R.
Numeration
Titles and other words associated with a name
Holdings
Withdrawn status Lost status Damaged status Not for loan Home library Current library Date acquired Cost, normal purchase price Total Checkouts Full call number Barcode Date last seen Price effective from Koha item type
        Central University Of Rajasthan Central University Of Rajasthan 07/03/2012 325.00   658.11 R13S 3894 21/11/2024 02/09/2020 Books